00529 a2200169 4500010001400000020002300014035001300037037001600050082001500066100002000081245008100101250001100182260004600193270006900239300003000308500002100338 aENG-89652 c345.00a0195695739 aEN-73185 bDBAD / PUB14a305.4209541 aChandra, Sudhir1 aEnslaved daughters:cby Sudhir Chandrabcolonialism, law and women's rights/ a2nd ed aNew DelhibOxford University Pressc2008 aYMCA Library Building, Jai Singh RoadbNew DelhicDelhie110001 axiii, 265p.c22 cm (pbk) aIncludes index.